Khảo sát tính chất đất, nước và sự phóng thích dinh dưỡng N, P, K trên các mô hình canh tác cây trồng tại huyện Ba Tri, Tỉnh Bến Tre : Luận văn tốt nghiệp cao học. Ngành Khoa học đất

Nội dung nhằm khảo sát đặc tính của đất, nước theo thời gian và sự phóng thích dinh dưỡng N, P, K trong điều kiện canh tác và nhiễm mặn khác nhau để cung cấp thông tin cơ sở cho việc bố trí các mô hình canh tác phù hợp trong điều kiện xâm...

Full description

Saved in:
Bibliographic Details
Main Author: Nguyễn, Tấn Sang
Format: Book
Language:Undetermined
Published: Cần Thơ Đại học Cần Thơ 2014
Subjects:
Tags: Add Tag
No Tags, Be the first to tag this record!
Institutions: Trung tâm Học liệu Trường Đại học Cần Thơ
LEADER 01323nam a2200229Ia 4500
001 CTU_188975
008 210402s9999 xx 000 0 und d
082 |a 631.452 
082 |b S106 
088 |a 60620103 
100 |a Nguyễn, Tấn Sang 
245 0 |a Khảo sát tính chất đất, nước và sự phóng thích dinh dưỡng N, P, K trên các mô hình canh tác cây trồng tại huyện Ba Tri, Tỉnh Bến Tre : 
245 0 |b Luận văn tốt nghiệp cao học. Ngành Khoa học đất 
245 0 |c Nguyễn Tấn Sang ; Nguyễn Mỹ Hoa (Người hướng dẫn) 
260 |a Cần Thơ 
260 |b Đại học Cần Thơ 
260 |c 2014 
520 |a Nội dung nhằm khảo sát đặc tính của đất, nước theo thời gian và sự phóng thích dinh dưỡng N, P, K trong điều kiện canh tác và nhiễm mặn khác nhau để cung cấp thông tin cơ sở cho việc bố trí các mô hình canh tác phù hợp trong điều kiện xâm nhập mặn. 
650 |a Canh tác cây trồng 
650 |x Tính chất đất, nươc 
904 |i Qhieu, Cao Thị Mỹ 
980 |a Trung tâm Học liệu Trường Đại học Cần Thơ